Clubes que venceram a taça da liga portuguesa - Statistics

Estatísticas Gerais
  • Esse quiz foi jogado 185 vezes
  • A pontuação média é 4 de 5
Estatísticas das Respostas
Hint Resposta % Correto
7 Benfica
100%
4 Sporting
98%
1 Braga
93%
1 Moreirense
52%
1 Setubal
33%
Nenhum quiz correspondente encontrado
Distribuição das Pontuações
Porcentagem de Pessoas com Cada Pontuação
Percentil de Números Respondidos
Sua Pontuação Histórica
Você não jogou esse quiz